01167nam a22002777a 450000100060000000300090000600500170001500700060003200800330003802000160007104000250008708200290011224501700014124600970031125000490040826000510045730000230050850000220053150501100055365000440066365000430070765000380075070000300078870000340081870000370085267441DO-SdBPM20250129095249.067441161018b2006 ck |||| 00| 0 spa d a9586773493  aDO-SdBPMbspacBPMSU 4aR928.03 bD722m 200622200a 2.500 años de literatura universal :bconsultor bibliográfico y literario / c actualización Mario Méndez ; colaboradores Gilberto Loaiza Cano ... [et al.].13aDos mil quinientos años de literatura universal : bconsultor bibliográfico y literario  aCoordinación editorial Fanny Zamora Nieto. aBogotá, Colombia : bZamora Editores,c2006. a1370 p. ; b27 cm. aIncluye índice.0 aAutores de cuento, drama, ensayo, historia, leyenda, metafísica, mito, novela, poesía, prosa, teatro. 4aLiteratos vBiografías vDiccionarios 4aAutores vBiografías vDiccionarios  4aObras literarias vDiccionarios 1 aMéndez, Mario.eeditor 1 aLoaiza Cano, Gilberto,d1963-1 aZamora Nieto, Fanny, qeditora